000 00405nam a22001697a 4500
003 OSt
008 240327b |||||||| |||| 00| 0 eng d
020 _a9789391011307
082 _a821.4 RAP
100 _aRAJAN, B.
245 _aJohn Milton's Paradise Lost - Book I
250 _aReprint
260 _aNew Delhi
_bDoaba Publications
_c2024
300 _a52 p.
650 _aEnglish
942 _2ddc
_cBK
999 _c12315
_d12315